000 00485nam a2200193 a 4500
001 1763019238065
003 YourLibrary
005 20251114111525.0
008 251113s2007##################000#0#eng##
020 _a9780231141185
082 0 4 _a895.6344NAG
100 1 _aNagai, Kafū,
_eauthor.
245 1 0 _aRivalry :
260 _bColumbia University Press,
_c2007.
300 _a196 pages
650 0 _aEducation.
942 _cENGLISH
040 _aYourLibrary
_beng
_cYourLibrary
999 _c597485
_d597485